| 000 | 00867nam a22002057a 4500 | ||
|---|---|---|---|
| 005 | 20240814174527.0 | ||
| 008 | s2535 th tha d | ||
| 040 | _aNALT | ||
| 041 | _atha | ||
| 100 | 0 | _aเถกิงศักดิ์ คำสุระ | |
| 245 | 1 | 0 | _aคำตอบล่าสุด คดีเช็ค (พ.ร.บ.ว่าด้วยความผิดอันเกิดจาการใช้เช็ค พ.ศ. 2534) |
| 260 | 3 |
_aกรุงเทพฯ : _bนำอักษรการพิมพ์, _c2535 |
|
| 300 |
_a71 หน้า ; _b 21 ซม. |
||
| 650 | 0 | 4 | _aกฎหมายแพ่งและพาณิชย์ -- เช็ค |
| 650 | 0 | 4 | _aเช็ค |
| 850 | _aNALT | ||
| 942 |
_cLB _2lcc |
||
| 999 |
_c17847 _d17847 |
||
| 998 |
_j25 _k นีลวัสน์ อินทรักษา |
||
| 090 | _aKS48.2 ถ519ค 2535 | ||